Catalog

Record Details

Catalog Search



Sociální práce 3/2013 : Rodina v nejistotě Cover Image Book Book

Sociální práce 3/2013 : Rodina v nejistotě Asociace vzdělavatelů v sociální práce

Record details

  • Physical Description: 120 s.
  • Edition: 3/2013
  • Publisher: Brno Asociace vzdělavatelů v sociální práce 2013

Available copies

  • 2 of 2 copies available at Common Catalog SPOK.

Holds

  • 0 current holds with 2 total copies.
Show Only Available Copies
Location Call Number / Copy Notes Barcode Shelving Location Status Due Date
ETS Library 306.85 424470013010 Volný výběr Available -
ETS Library 306.85 424470013011 Volný výběr Available -

LDR 00775nam a2 00253
00144083
003CZ-PrJAB
00520131218000000.0
008131218s2013 xr e |||| |cze
009cz
035 . ‡a(CONS)8485
035 . ‡aKPS14036
040 . ‡aABG450
041 . ‡acze
08214. ‡a306.85
100 . ‡aAsociace vzdělavatelů v sociální práce
245 . ‡aSociální práce 3/2013 : ‡bRodina v nejistotě ‡cAsociace vzdělavatelů v sociální práce
250 . ‡a3/2013
260 . ‡aBrno ‡bAsociace vzdělavatelů v sociální práce ‡c2013
300 . ‡a120 s.
653 . ‡aSociální práce 3/2013
8524 . ‡bETS ‡bETS ‡cVolný výběr ‡j306.85 ‡gE ‡p424470013011
8524 . ‡bETS ‡bETS ‡cVolný výběr ‡j306.85 ‡gE ‡p424470013010
910 . ‡aABG450
999 . ‡a8485 ‡bAUTOGEN ‡c8485 ‡tbiblio
905 . ‡uadmin
901 . ‡a44083 ‡b ‡c44083 ‡tbiblio ‡sets

Additional Resources